| 000 | 00627nam a2200229Ia 4500 | ||
|---|---|---|---|
| 005 | 20250326144453.0 | ||
| 008 | 250326s9999 xx 000 0 und d | ||
| 020 | _a0-19-569618-2 | ||
| 037 | _aTextbook | ||
| 040 |
_aFMSL _beng _cFMSL |
||
| 041 |
_aeng _2eng |
||
| 084 |
_aX.1 P8 _qFMSL |
||
| 100 | _aSalvatore Dominick | ||
| 245 | 0 |
_aManagerial economics : principles and worldwide applications _cSalvatore Dominick |
|
| 250 | _a6 | ||
| 260 |
_aNew Delhi _bNew Delhi, Oxford _c2008 |
||
| 300 | _axxxiii,666 | ||
| 365 | _b375 | ||
| 650 | _aManagement | ||
| 942 |
_cTB _hX.1 P8 |
||
| 999 |
_c1303818 _d1303818 |
||